| 000 | 00470nam a22001697a 4500 | ||
|---|---|---|---|
| 003 | OSt | ||
| 005 | 20251121090058.0 | ||
| 008 | 251121b |||||||| |||| 00| 0 eng d | ||
| 020 | _a978-0-14-240625-0 | ||
| 040 |
_aDWC-Main lib. _cOC |
||
| 082 | _aFic. D475t 2004 | ||
| 100 | _aDessen, Sarah | ||
| 245 |
_aThe truth about forever/ _cSarah Dessen |
||
| 260 |
_aNew York : _bThe Penguin Group, _cc2004. |
||
| 300 |
_a373 pages ; _c21 cm. |
||
| 942 |
_2ddc _cFIC. _hFic. _n0 |
||
| 999 |
_c5945 _d5945 |
||